[Event "AUTO-INT-1464"]
[Site "http://www.queenalice.com/game.php?id=781552"]
[Date "2010.5.27"]
[Round "2"]
[White "Poirot"]
[Black "Yukontodd"]
[Result "1-0"]
[WhiteElo "1805"]
[BlackElo "1708"]

1. e4 c5 2. c3 d6 3. d4 Nf6 4. Bd3 Nc6 5. Nf3 g6 6. Be3 e5 7. d5 Ne7 8. O-O Bg7
9. c4 O-O 10. Qd2 Bd7 11. Nc3 Rb8 12. Bh6 Bxh6 13. Qxh6 Bg4 14. Ng5 Qb6 15. b3
Qa5 16. Nd1 Bh5 17. f4 Ng4 18. Qxh7# 1-0

[Event "AUTO-INT-1464"]
[Site "http://www.queenalice.com/game.php?id=781553"]
[Date "2010.5.27"]
[Round "2"]
[White "Yukontodd"]
[Black "Poirot"]
[Result "1-0"]
[WhiteElo "1714"]
[BlackElo "1861"]

1. d4 d5 2. c4 e6 3. Nc3 Nf6 4. Nf3 Bb4 5. Bd2 Nc6 6. a3 Be7 7. e3 b6 8. cxd5
exd5 9. Bd3 Bg4 10. h3 Bxf3 11. Qxf3 O-O 12. e4 Nxd4 13. Qe3 dxe4 14. Nxe4 Nxe4
15. Bxe4 Re8 16. Rc1 Rc8 17. Qg3 g6 18. Bc3 Nb3 19. Rd1 Bd6 20. Qf3 Nc5 21. Rd4
Qd7 22. O-O Nxe4 23. Rxe4 Rxe4 24. Qxe4 Re8 25. Qf3 c5 26. Qf6 Kf8 27. Qh8+ Ke7
28. Bf6+ Ke6 29. Re1+ Kd5 30. Qxe8 Qxe8 31. Rxe8 Kc4 32. Rd8 Bf4 33. Rd7 a5 34.
Rxf7 1-0

[Event "AUTO-INT-1464"]
[Site "http://www.queenalice.com/game.php?id=781558"]
[Date "2010.5.27"]
[Round "2"]
[White "MarTraM"]
[Black "Yukontodd"]
[Result "1-0"]
[WhiteElo "1952"]
[BlackElo "1655"]

1. d4 d5 2. c4 e6 3. cxd5 exd5 4. Nc3 Nf6 5. Bg5 h6 6. Bh4 g5 7. Bg3 Nc6 8. Nf3
Bf5 9. e3 Nb4 10. Rc1 Bd6 11. Bxd6 Qxd6 12. a3 Nc6 13. Bb5 O-O 14. Bxc6 Qxc6 15.
O-O Rfe8 16. Ne4 Bxe4 17. Rxc6 bxc6 18. Ne5 Rab8 19. b4 c5 20. bxc5 Rb2 21. Qa1
Reb8 22. f3 Re2 23. fxe4 Rbb2 24. Qxb2 Rxb2 25. Rxf6 Kg7 26. Rxf7+ Kg8 27. Rxc7
Rb3 28. exd5 Rxe3 29. Rxa7 Re4 30. Nc6 1-0

[Event "AUTO-INT-1464"]
[Site "http://www.queenalice.com/game.php?id=781559"]
[Date "2010.5.27"]
[Round "2"]
[White "Yukontodd"]
[Black "MarTraM"]
[Result "0-1"]
[WhiteElo "1651"]
[BlackElo "1974"]

1. e4 e5 2. Nf3 Nc6 3. Nc3 Nf6 4. Bb5 Bb4 5. a3 Bxc3 6. bxc3 d6 7. d3 Bd7 8. O-O
O-O 9. Bg5 h6 10. Bh4 Qe7 11. d4 g5 12. Bg3 a6 13. Bc4 b5 14. Bb3 Nxe4 15. c4
Nxg3 16. fxg3 Bg4 17. h3 Bxf3 18. gxf3 Nxd4 19. f4 exf4 20. Qxd4 c5 21. Qd5 Qe3+
22. Kh2 Qxg3+ 23. Kh1 Qxh3+ 24. Kg1 Rae8 25. Qg2 Qxg2+ 26. Kxg2 Re3 27. Rf3 Rxf3
28. Kxf3 Re8 29. cxb5 axb5 30. Rd1 c4 31. Bxc4 bxc4 32. Ra1 f5 33. a4 Ra8 34. a5
Kf7 35. a6 Ke7 36. a7 Kd7 37. Ra4 Ke6 38. Rxc4 Rxa7 39. Rc8 Ra3+ 40. Ke2 f3+ 41.
Kf2 g4 42. Rh8 Ra2 43. Rxh6+ Ke5 44. Rh1 Rxc2+ 45. Kg3 d5 46. Re1+ Re2 0-1

[Event "AUTO-OPEN-2020"]
[Site "http://www.queenalice.com/game.php?id=795069"]
[Date "2010.6.26"]
[Round "1"]
[White "gdc"]
[Black "Yukontodd"]
[Result "0-1"]
[WhiteElo "1547"]
[BlackElo "1763"]

1. e4 c5 2. Nf3 Nc6 3. d4 cxd4 4. Nxd4 e5 5. Nf3 Nf6 6. Nc3 Bc5 7. h3 O-O 8. Bb5
a6 9. Ba4 b5 10. Bb3 h6 11. Nd5 Nxe4 12. Bxh6 gxh6 13. O-O a5 14. c3 d6 15. Nd4
exd4 16. cxd4 Bxd4 17. Bc2 Nf6 18. Qd3 Ne5 19. Nxf6+ Qxf6 0-1

[Event "AUTO-OPEN-2020"]
[Site "http://www.queenalice.com/game.php?id=795070"]
[Date "2010.6.26"]
[Round "1"]
[White "Yukontodd"]
[Black "gdc"]
[Result "1-0"]
[WhiteElo "1755"]
[BlackElo "1555"]

1. d4 Nf6 2. c4 g6 3. Nc3 Bg7 4. e4 d6 5. f3 e5 6. dxe5 dxe5 7. Qxd8+ Kxd8 8. f4
Nc6 9. a3 Bg4 10. h3 Bd7 11. Nf3 exf4 12. Bxf4 a6 13. Ng5 Be6 14. O-O-O+ Kc8 15.
b4 h6 16. Nf3 g5 17. Bg3 Nd7 18. Nd5 Re8 19. Nxc7 Bxc4 20. Bxc4 1-0

[Event "AUTO-OPEN-2020"]
[Site "http://www.queenalice.com/game.php?id=795099"]
[Date "2010.6.26"]
[Round "1"]
[White "Yukontodd"]
[Black "FabioSelinger"]
[Result "0-1"]
[WhiteElo "1687"]
[BlackElo "2030"]

1. e4 c6 2. Nf3 d5 3. d3 dxe4 4. Ng5 exd3 5. Bxd3 Nf6 6. Nc3 e6 7. Qe2 Be7 8.
Be3 Nbd7 9. O-O-O Nd5 10. Nxd5 Bxg5 11. Nc3 Bxe3+ 12. Qxe3 Qb6 13. Qxb6 axb6 14.
Kb1 b5 15. Ne4 b6 16. Nd6+ Ke7 17. Be4 Nb8 18. Nxb5 Ra4 19. Nc3 Ra7 20. Rhe1 Rd8
21. Bxh7 g6 22. Ne4 Rh8 23. Nd6 Bd7 24. Bxg6 fxg6 25. h3 Na6 26. a3 Nc5 27. Ka2
Rh5 28. b4 Na4 29. Kb3 b5 30. c4 bxc4+ 31. Nxc4 Rd5 32. Rxd5 cxd5 33. Ne3 Nb6
34. Ng4 Ba4+ 35. Kb2 Nc4+ 36. Kc3 Nxa3 37. Ne5 Rc7+ 38. Kd2 Nc4+ 39. Nxc4 Rxc4
40. Rb1 Bb5 41. g4 Kf6 42. f3 e5 43. h4 Rf4 44. h5 gxh5 45. gxh5 Rh4 46. Kc3
Rxh5 47. Rd1 d4+ 48. Kb2 Rf5 49. Rd3 Bxd3 0-1

[Event "AUTO-OPEN-2020"]
[Site "http://www.queenalice.com/game.php?id=795100"]
[Date "2010.6.26"]
[Round "1"]
[White "FabioSelinger"]
[Black "Yukontodd"]
[Result "1-0"]
[WhiteElo "2012"]
[BlackElo "1686"]

1. e4 c5 2. Nc3 d6 3. g3 Nf6 4. Bg2 Nc6 5. Nf3 e5 6. O-O Be6 7. h3 d5 8. exd5
Nxd5 9. Nxd5 Bxd5 10. Re1 Bd6 11. d4 cxd4 12. c4 Bxc4 13. Nxd4 Qf6 14. Nxc6 O-O
15. Na5 Ba6 16. Nxb7 Bxb7 17. Bxb7 Rab8 18. Bg2 Bc5 19. Qf3 Qxf3 20. Bxf3 Rfe8
21. b3 e4 22. Rxe4 Rxe4 23. Bxe4 Bd4 24. Rb1 Rc8 25. a3 Rc2 26. Bxc2 1-0

[Event "AUTO-ADV-1812"]
[Site "http://www.queenalice.com/game.php?id=795260"]
[Date "2010.6.26"]
[Round "1"]
[White "Pcchess"]
[Black "Yukontodd"]
[Result "1-0"]
[WhiteElo "2023"]
[BlackElo "1777"]

1. e4 c5 2. Nc3 Nc6 3. g3 g6 4. Bg2 Bg7 5. d3 e6 6. f4 Qa5 7. Bd2 b5 8. Nf3 Nge7
9. Qe2 O-O 10. O-O f5 11. e5 b4 12. Nd1 Qb5 13. Ne3 Ba6 14. Nc4 Qb7 15. Nd6 Qc7
16. a3 bxa3 17. Rxa3 Bb7 18. c3 a6 19. Rc1 Nc8 20. Nxb7 Qxb7 21. Be3 c4 22. d4
h6 23. Nh4 N8e7 24. Rd1 Rfb8 25. Rd2 Bf8 26. Ra1 a5 27. Qxc4 Qb5 28. Qxb5 Rxb5
29. Rad1 Rab8 30. d5 Nxd5 31. Bxd5 exd5 32. Nxg6 Rxb2 33. Rxb2 Rxb2 34. Nxf8
Kxf8 35. Rxd5 Ke7 36. Rd1 Rb8 37. Bc5+ Kf7 38. Rxd7+ Kg6 39. Rd6+ 1-0

[Event "AUTO-ADV-1812"]
[Site "http://www.queenalice.com/game.php?id=795261"]
[Date "2010.6.26"]
[Round "1"]
[White "Yukontodd"]
[Black "Pcchess"]
[Result "0-1"]
[WhiteElo "1760"]
[BlackElo "2025"]

1. e4 c5 2. Nf3 Nc6 3. d4 cxd4 4. Nxd4 Nf6 5. Nc3 e5 6. Nxc6 bxc6 7. Bd3 d5 8.
Bg5 Be7 9. Bxf6 Bxf6 10. O-O O-O 11. Re1 d4 12. Ne2 Be6 13. c4 Bg5 14. b4 Qd6
15. b5 cxb5 16. cxb5 Rac8 17. a4 Bc4 18. Bxc4 Rxc4 19. Qd3 Rfc8 20. a5 Qc5 21.
b6 axb6 22. a6 b5 23. a7 Ra8 24. g3 Rxa7 25. Reb1 Rxa1 26. Rxa1 g6 27. h4 Bh6
28. f4 exf4 29. Nxf4 Bxf4 30. gxf4 Rc3 31. Qb1 d3+ 32. Kf1 Rc2 33. Qe1 d2 34.
Qd1 Rc1 0-1

[Event "AUTO-ADV-1812"]
[Site "http://www.queenalice.com/game.php?id=795272"]
[Date "2010.6.26"]
[Round "1"]
[White "Yukontodd"]
[Black "KennyB"]
[Result "1-0"]
[WhiteElo "1736"]
[BlackElo "1934"]

1. d4 e6 2. e4 d5 3. e5 c5 4. c4 cxd4 5. Nf3 Nc6 6. g3 Bb4+ 7. Bd2 Qa5 8. Bg2
Nge7 9. a3 Bxd2+ 10. Qxd2 Qxd2+ 11. Nbxd2 dxc4 12. Nxc4 Nf5 13. g4 Nh6 14. h3
Ke7 15. O-O-O Rd8 16. b4 f6 17. exf6+ Kxf6 18. b5 Na5 19. Nxa5 e5 20. g5+ Ke6
21. gxh6 gxh6 22. Rhe1 Rd5 23. Nxd4+ Kd6 24. Bxd5 Kxd5 25. Nf5+ Kc5 26. Nd6 1-0

[Event "AUTO-ADV-1812"]
[Site "http://www.queenalice.com/game.php?id=795273"]
[Date "2010.6.26"]
[Round "1"]
[White "KennyB"]
[Black "Yukontodd"]
[Result "1/2-1/2"]
[WhiteElo "1951"]
[BlackElo "1770"]

1. e4 e5 2. Nf3 Nc6 3. Nc3 Nf6 4. d4 exd4 5. Nxd4 Nxd4 6. Qxd4 b6 7. Bc4 Bb4 8.
Bg5 Be7 9. O-O h6 10. Bxf6 Bxf6 11. Qd5 O-O 12. e5 c6 13. Qe4 Be7 14. Rad1 d6
15. exd6 Bxd6 16. Rfe1 g6 17. Rd2 Bd7 18. Rxd6 Re8 19. Qxe8+ Qxe8 20. Rxe8+ Bxe8
21. Rxg6+ Kh7 22. Rxc6 Bxc6 23. Bxf7 Kg7 24. Bh5 a5 25. Ne2 Be8 26. Bf3 Rd8 27.
Nf4 Rd2 28. Ne6+ Kf6 29. Nc7 Rxc2 30. Nxe8+ Ke7 31. h4 Kxe8 32. Bd5 Rd2 33. Bb3
Rxb2 34. f4 Ke7 35. g4 Rd2 36. g5 hxg5 37. hxg5 Kf8 38. f5 Kg7 39. g6 b5 40. Be6
b4 41. Kf1 a4 42. Ke1 Rb2 43. Kd1 b3 44. axb3 a3 45. Kc1 Re2 46. Kb1 Rb2+ 47.
Ka1 Kf6 1/2-1/2